01006cam a22002654a 4500999001700000001000900017005001700026008004100043010001700084020002800101050002000129100002200149245010700171250001300278260003500291300003300326504005100359650003700410650001200447650005800459650003300517700003700550942003200587952012100619 c19651d196511386015820170117110524.0050203s2006 maua b 001 0 eng  a 2005041576 a0072972807 (alk. paper)00aGV341 .W85 20061 aWuest, Deborah A.10aFoundations of physical education, exercise science, and sport /cDeborah A. Wuest, Charles A. Bucher. a15th ed. aBoston :bMcGraw-Hill,cc2006. axv, 583 p. :bill. ;c24 cm. aIncludes bibliographical references and index. 0aPhysical education and training. 0aSports. 0aPhysical education and trainingxVocational guidance. 0aSportsxVocational guidance.1 aBucher, Charles Augustus,d1912- 2lcccBOOKShGV341 .W85 2006 00102lcc4070aMUCbMUCcTECHd2017-01-17eDonation(BFA)l0oGV341 .W85 2006p30258r2018-06-27w2017-01-17yBOOKS